Aplikovaný výskum ľudskej vizuálnej pozornosti s využitím inovatívnych výskumných metód
Saved in:
| Main Author: | |
|---|---|
| Other Authors: | |
| Format: | Manuscript Book |
| Language: | Slovak English |
| Published: |
2022
|
| Subjects: | |
| Online Access: | http://is.stuba.sk/zp/portal_zp.pl?podrobnosti=163893 |
| Tags: |
No Tags, Be the first to tag this record!
|
MARC
| LEADER | 00000ntm a22000003a 4500 | ||
|---|---|---|---|
| 001 | stuzp90749 | ||
| 003 | SK-STU | ||
| 005 | 20220618212253.3 | ||
| 007 | ta | ||
| 008 | 150427s2015----xo-----f-mn---000-0-slo-d | ||
| 040 | |a STU |b slo | ||
| 041 | 0 | |a eng | |
| 100 | 1 | |a Polláková, Jana |u 070400 |4 aut |U FIIT Fakulta informatiky a informačných technológií |T FIIT Ústav počítačového inžinierstva a aplikovanej informatiky |X 92130 |U I400 |Y 672 |7 92130 | |
| 242 | 0 | 1 | |a Aplikovaný výskum ľudskej vizuálnej pozornosti s využitím inovatívnych výskumných metód |y slo |
| 245 | 1 | 0 | |a Aplikovaný výskum ľudskej vizuálnej pozornosti s využitím inovatívnych výskumných metód |
| 260 | |c 2022 | ||
| 650 | 4 | |a Periférne videnie |2 slo | |
| 650 | 4 | |a Metóda sledovania pohľadu |2 slo | |
| 650 | 4 | |a Vizuálna pozornosť |2 slo | |
| 650 | 4 | |a Visual attention |2 eng | |
| 650 | 4 | |a Peripheral vision |2 eng | |
| 650 | 4 | |a Eye-tracking |2 eng | |
| 700 | 1 | |a Laco, Miroslav |u 070400 |k Z2 |4 ths |U FIIT Fakulta informatiky a informačných technológií |T FIIT Ústav počítačového inžinierstva a aplikovanej informatiky |X 72202 |U I400 |Y 672 |7 72202 | |
| 856 | 4 | |u http://is.stuba.sk/zp/portal_zp.pl?podrobnosti=163893 | |